Iqbal Aur Tahreek-E-Azadi-E-Kashmir (Record no. 18262)

MARC details
000 -LEADER
fixed length control field 00596nam a2200241 a 4500
020 ## - INTERNATIONAL STANDARD BOOK NUMBER
ISBN 969416X
082 00 - DEWEY DECIMAL CLASSIFICATION NUMBER
Classification number 922.97
Author Cutter KHI
100 ## - MAIN ENTRY--AUTHOR NAME
Author name Khiyal, Ghulam Nabi
245 ## - TITLE STATEMENT
Title Iqbal Aur Tahreek-E-Azadi-E-Kashmir
260 ## - PUBLICATION, DISTRIBUTION, ETC. (IMPRINT)
Place of publication Lahore
Name of publisher Iqbal Academy
Year of publication 1999
300 ## - PHYSICAL DESCRIPTION
Number of Pages 244p
500 ## - GENERAL NOTE
General note includes index and biblioraphy
505 2# - FORMATTED CONTENTS NOTE
Formatted contents note index
650 ## - SUBJECT ADDED ENTRY--TOPICAL TERM
Topical Term Karma-Marga
942 ## - ADDED ENTRY ELEMENTS (KOHA)
Koha item type Books
700 1# -
-- Khiyal, Ghulam Nabi
Holdings
Collection code Home library Current library Date acquired Cost, normal purchase price Full call number Accession Number Koha item type
  Henry Martyn Institute Library Henry Martyn Institute Library 06/06/2007 150.00 922.97 KHI 11001189 Books
                   Copyright © 2026 | Henry Martyn Institute | Hyderabad | TS-500052 | INDIA | Implemented by hmi.edu.in
Hit-Count:

Powered by Koha